| 000 | 00563nam a22001817a 4500 | ||
|---|---|---|---|
| 005 | 20170517121152.0 | ||
| 010 | _aENG-118200 | ||
| 020 |
_a9789384275280 _c995.00 |
||
| 035 | _aEN-101732 | ||
| 037 | _bDBAD/PUB | ||
| 082 | _a321.3 | ||
| 100 | _aSaharan, Mahender Singh | ||
| 245 |
_aFeudalism : europe, india and north east india/ _cby Mahender Singh Saharan |
||
| 260 |
_aIndia _bNE BOOKS AND PUBLISHERS _c2017 |
||
| 270 | _aNational Highway Silchar- 788005 Assam, India | ||
| 300 |
_a202p. _c23cm. (Hb) |
||
| 942 |
_2ddc _cEN _h321.3 _mSAH |
||
| 999 |
_c140008 _d140008 |
||